Catálogo

Las siete cabritas / (Registro nro. 42351)

Detalles MARC
000 -LEADER
fixed length control field 01444cam a2200373 i 4500
001 - CONTROL NUMBER
control field 42351
003 - CONTROL NUMBER IDENTIFIER
control field Mx-PuUPA
005 - DATE AND TIME OF LATEST TRANSACTION
control field 20250512115130.0
008 - FIXED-LENGTH DATA ELEMENTS--GENERAL INFORMATION
fixed length control field 140415s2001 mx a gr 000 0cspa d
020 ## - INTERNATIONAL STANDARD BOOK NUMBER
International Standard Book Number 9684115172
040 ## - CATALOGING SOURCE
Original cataloging agency Mx-PuUPA
Language of cataloging spa
Transcribing agency Mx-PuUPA
Modifying agency Mx-PuUPA
Description conventions rda
041 0# - LANGUAGE CODE
Language code of text/sound track or separate title spa
100 1# - MAIN ENTRY--PERSONAL NAME
Personal name Poniatowska, Elena,
Dates associated with a name 1933-
9 (RLIN) 5559
Relator term autor
245 14 - TITLE STATEMENT
Title Las siete cabritas /
Statement of responsibility, etc. Elena Poniatowska
250 ## - EDITION STATEMENT
Edition statement Segunda edición /
Remainder of edition statement corregida
264 #1 - PRODUCTION, PUBLICATION, DISTRIBUTION, MANUFACTURE, AND COPYRIGHT NOTICE
Place of production, publication, distribution, manufacture México, D. F. :
Name of producer, publisher, distributor, manufacturer Ediciones Era,
Date of production, publication, distribution, manufacture, or copyright notice 2001
300 ## - PHYSICAL DESCRIPTION
Extent 191 páginas, 4 láminas sin numerar :
Other physical details ilustraciones (en blanco y negro) ;
Dimensions 21 cm
336 ## - CONTENT TYPE
Fuente rdacontent
Content type term texto
Content type code txt
337 ## - MEDIA TYPE
Source rdamedia
Media type term sin medio
Media type code n
338 ## - CARRIER TYPE
Source rdacarrier
Carrier type term volumen
Carrier type code nc
490 0# - SERIES STATEMENT
Series statement Biblioteca Era
490 0# - SERIES STATEMENT
Series statement Crónica y Ensayo
545 1# - BIOGRAPHICAL OR HISTORICAL DATA
Biographical or historical data Reimpresiones: (Cuarta, 2006).
650 #7 - SUBJECT ADDED ENTRY--TOPICAL TERM
Source of heading or term armarc
Topical term or geographic name entry element Autoras mexicanas
Chronological subdivision Siglo XX
Form subdivision Biografía
650 #7 - SUBJECT ADDED ENTRY--TOPICAL TERM
Source of heading or term armarc
Topical term or geographic name entry element Artistas
Geographic subdivision México
Form subdivision Biografía
650 #7 - SUBJECT ADDED ENTRY--TOPICAL TERM
Source of heading or term armarc
Topical term or geographic name entry element Artista mujeres
Geographic subdivision México
Form subdivision Biografía
650 #7 - SUBJECT ADDED ENTRY--TOPICAL TERM
Source of heading or term armarc
Topical term or geographic name entry element Literatura hisponoamericana
Chronological subdivision Siglo XX
775 0# - OTHER EDITION ENTRY
Main entry heading Poniatowska, Elena,
Edition Segunda edición (corregida)
Title Las siete cabritas
Place, publisher, and date of publication México, D.F. : Ediciones Era, 2001
Record control number 55228
International Standard Book Number 9789684115170
942 ## - ADDED ENTRY ELEMENTS (KOHA)
Source of classification or shelving scheme Dewey Decimal Classification
Koha item type Libro
Classification part 860.9928709720904
Item part P72
Existencias
Withdrawn status Lost status Source of classification or shelving scheme Damaged status Not for loan Collection code Home library Current library Shelving location Date acquired Source of acquisition Total Checkouts Full call number Barcode Date last seen Price effective from Koha item type
    Dewey Decimal Classification     General Biblioteca Karol Wojtyla Biblioteca Karol Wojtyla Sala general 03/12/2013 Donación   860.9928709720904 P72 2001 47866 05/01/2026 03/12/2013 Libro